000 00425nam a22001697a 4500
005 20160523124209.0
008 160523b xxu||||| |||| 00| 0 eng d
020 _a81-203-0397-0
041 _aeng
082 _b4272
100 _aMurdick, robert G & Others
_91058
245 _aInformation Systems for modren mgt
260 _aNew Delhi
_bAcademic Faundation
300 _a456
650 _aManagement
_9241
942 _cBK
999 _c1443
_d1443